000 00452nam a2200145Ia 4500
003 GCL
008 140319s9999 xx 000 0 ara d
040 _aGCL /
_cGCL
082 0 4 _aط
_b813.06
_bس ف
100 1 _aسمير عبدالباقى
245 1 0 _aالفيل وحبه الترمس و 8 قصص فكاهية /
_cسمير عبدالباقى
700 1 _aعفت حسنى
300 _a96 ص
490 _aسلسلة القصص والمغامرات
_v0
999 _c51176
_d51176